Komparácia úverov bakalárska práca

Guardado en:
Detalles Bibliográficos
Autor principal: Masárová, Veronika
Autor Corporativo: Fakulta podnikového manažmentu EU. Katedra podnikových financií
Otros Autores: Ponecová, Gabriela
Formato: Libro
Lenguaje:eslovaco
Publicado: Bratislava 2010
Etiquetas: Agregar Etiqueta
Sin Etiquetas, Sea el primero en etiquetar este registro!

MARC

LEADER 00000nbm a2200000 4500
001 0133323
005 20161109111519.3
041 0 |a slo 
044 |a SK 
245 1 0 |a Komparácia úverov  |b bakalárska práca  |c Veronika Masárová ; školiteľ: Gabriela Ponecová 
264 1 |a Bratislava  |c 2010 
300 |a 60 s. 
100 1 |a Masárová, Veronika 
700 1 |a Ponecová, Gabriela 
710 2 |a Fakulta podnikového manažmentu EU. Katedra podnikových financií